000
00335nam a2200133Ia 4500
008
240624s9999 xx 000 0 und d
041
_a
eng
082
_a
658.85 GIT
100
_a
GITOMER JEFFREY
245
_a
KNOCK YOUR SOCKS OFF SELLING
260
_c
1999
_a
New York
_b
AMACOM
300
_a
xiv, : 205 : p. : cm. ; 23
365
_c
_b
28
999
_c
22056
_d
22056